Normal view
MARC view
- Cantú Escalante, Jesús
Entry Nombre Personal
001 - NUMERO DE CONTROL
- campo de control: 51986
003 - IDENTIFICADOR DE NUMERO DE CONTROL
- campo de control: DLC
005 - FECHA Y HORA DE LA ÜLTIMA TRANSACCIÓN
- campo de control: 20240520162232.0
008 - DATOS DE LONGITUD FIJA
- campo de control de longitud fija: 100430nn acnnnaabn |a aaa
010 ## - NÚMERO DE CONTROL DE LA BIBLIOTECA DEL CONGRESO
- Número de control LC: n 2010027235
040 ## - FUENTE DE CATALOGACIÓN
- Agencia original de catalogación: DLC
- Lenguaje de catalogación: spa
- Agencia de transcripción: DLC
- Agencia que lo modifica: MX-MxUPN
100 1# - ENCABEZAMIENTO - NOMBRE PERSONAL
- Nombre personal: Cantú Escalante, Jesús
400 1# - VEÁSE - NOMBRE DE PERSONA
- Personal name: Escalante, Jesús Cantú
400 1# - VEÁSE - NOMBRE DE PERSONA
- Personal name: Cantú, Jesús
670 ## - FUENTE EN LA QUE SE LOCALIZARON DATOS
- Cita de la fuente: Perfil del elector neoleonés, 2009:
- Información localizada: cubierta (Jesús Cantú Escalante)
670 ## - FUENTE EN LA QUE SE LOCALIZARON DATOS
- Cita de la fuente: Democracia y elecciones in Nuevo León, 2009:
- Información localizada: cubierta (Jesús Cantú) página 185 (dir., Maestría en Análisis Político y Medios de Información, Esc. De Graduados en Admin. Pública y Políticas Públicas, Tecnológico de Monterrey, Campus Monterrey)
670 ## - FUENTE EN LA QUE SE LOCALIZARON DATOS
- Cita de la fuente: Cómo consolidar la democracia en los tiempos del desencanto, 2017 :
- Información localizada: portada (Jesús Cantú)
902 ## - CATALOGADOR
- Catalogador: VíctorGodínez/200524
